Datum a čas kvízu
12
Celkem bodů
Celkový počet nahraných bodů na tomto kvízu bez doplňovacích otázek.
9.
Pořadí na kvízu
Konečné umístění týmu na tomto kvízu.
Zaznamenané odpovědi
| # | Otázka | Odpověď | Body | Výsledky |
|---|---|---|---|---|
| 1. | Sněmovna schválila minulý týde... | tři přihlášky | 0 | |
| 2. | Jeden bývalý evropský premiér... | Boris Johnson | 0 | |
| 3. | Doplňte slovo do názvu časosbě... | Havel | 1 | |
| 4. | Kopřivnická Tatra představila... | vodík | 0 | |
| 5. | Který hokejista, bývalý reprez... | Tomáš Plekanec | 1 | |
| 6. | Naše téma nezačneme v kurníku,... | Fabergého vejce | 0 | |
| 7. | Barvíte velikonoční vajíčka? T... | 1C 2A 3D 4B | 1 | |
| 8. | Která z vajec na obrázku snesl... | B | 1 | |
| 9. | Napište název americké romanti... | 50x a stále poprvé | 0 | |
| 10. | Vyberte nepravdivé tvrzení. | D | 0 |